LEADER 01443nam a2200301 i 4500 001 000000215826 003 CaOOAMICUS 005 20120918000000.0 008 120918s2012 it u000 u ita u 013 $a194701 020 $a978-88-10-40932-2 040 $aSeMil$bita 100 1 $aNardello, Massimo,$d<1965- >.$0(OLS)http://semarc/name/76516 245 12$aI carismi, forma dell'esistenza cristiana :$bidentità e discernimento /$cMassimo Nardello. 260 $aBologna :$bEDB,$c2012. 300 $a118 p. ;$c22 cm. 490 0 $aNuovi saggi teologici : collana interconfessionale per la promozione della ricerca teologica ;$v91 650 4$aCarismi.$0(OLS)http://semarc/subject/5606 650 4$aChiesa - Carismi.$0(OLS)http://semarc/subject/12098 650 4$aBibbia - NT - Carismi.$0(OLS)http://semarc/subject/12657 650 4$aConcilio Vaticano II <1962-1965> - Carismi.$0(OLS)http://semarc/subject/40199 830 0$aNuovi saggi teologici ;$v91.$0(OLS)http://semarc/title/422386 850 $aSeMil 852 $aSeMil$W1$xVenegono$y1$m2LA N 91$j264795$B166246$CSeMilBibl$Z2$F177156 $81 961 $aSottoscrizione: L.S. srl 996 $6020$a978-88-10-40932-2$9(OLS)http://semarc/number/212551 996 $6245$aI carismi, forma dell'esistenza cristiana :$bidentità e discernimento$9(OLS)http://semarc/title/310574 996 $6260$aBologna :$bEDB$9(OLS)http://semarc/publisher/29669 LEADER 01121nam a2200229 i 4500 001 000000005388 003 CaOOAMICUS 005 20180830125437.0 008 180830s1895 it u000 u ita u 040 $aSeMil$bita 100 1 $aCima, Camillo.$0(OLS)http://semarc/name/3069 245 13$aLa storia de Milan dal princippi fina al dì d'incoeu cuntada su alla bona dalla Meneghin alla Cecca /$cPinzo (Camillo Cima) 260 $aMilano :$bpresso i principali librai, edicole, ecc.,$c1895$e(Milano :$fTipografia degli operai,$g1895) 300 $a3 v. ;$c18 cm. 500 $aEstr. dal giornale: L'uomo di pietra. - Legati insieme i 3 vol. 650 4$aMilano - Storia.$0(OLS)http://semarc/subject/766 650 4$aMilano - Narrazioni.$0(OLS)http://semarc/subject/870 774 0 $tVol. 1.$g1$w()78421 774 0 $tVol. 3.$g3$w()252293 774 0 $tVol. 2.$g2$w()252294 996 $6245$aLa storia de Milan dal princippi fina al dì d'incoeu cuntada su alla bona dalla Meneghin alla Cecca$9(OLS)http://semarc/title/7567 996 $6260$aMilano :$bpresso i principali librai, edicole, ecc.$9(OLS)http://semarc/publisher/31492 LEADER 01182nam a2200265 i 4500 001 000000183836 003 CaOOAMICUS 005 20151113000000.0 008 151113s1995 it u000 u ita u 013 $a161806 020 $a88-7670-230-X 040 $aSeMil$bita 100 1 $aMasina, Ettore,$d<1928-2017>.$0(OLS)http://semarc/name/89249 245 12$aL'arcivescovo deve morire :$bmonsignor Romero e il suo popolo /$cEttore Masina ; prefazione di Leonardo Boff. 260 $aTorino :$bEdizioni Gruppo Abele,$c1995. 300 $a262 p. ;$c21 cm. 500 $aContiene : Bibliografia ; Cronologia. 600 14$aRomero, Óscar .$0(OLS)http://semarc/subject/16720 700 1 $aBoff, Leonardo,$d<1938- >.$0(OLS)http://semarc/name/90426 850 $aSeMil 852 $aSeMil$W1$xVenegono$y1$m3H V 327$j134536$B134536$CSeMilBibl$Z2$F146273 $81 961 $aOmaggio: Martinelli don Romano 996 $6020$a88-7670-230-X$9(OLS)http://semarc/number/173662 996 $6245$aL'arcivescovo deve morire :$bmonsignor Romero e il suo popolo$9(OLS)http://semarc/title/263849 996 $6260$aTorino :$bEdizioni Gruppo Abele$9(OLS)http://semarc/publisher/32737 LEADER 01166nam a2200277 i 4500 001 000000047291 003 CaOOAMICUS 005 20091029000000.0 008 091029s1995 it u000 u ita u 013 $a18461 020 $a88-399-0381-X 040 $aSeMil$bita 100 1 $aWelker, Michael,$d<1947- >.$0(OLS)http://semarc/name/23513 240 10$aGottes Geist.$0(OLS)http://semarc/title/71187 245 13$aLo Spirito di Dio :$bteologia dello Spirito Santo /$cMichael Welker. 260 $aBrescia :$bQueriniana,$c1995. 300 $a339 p. ;$c23 cm. 490 0 $aBiblioteca di teologia contemporanea ;$v81 650 4$aSpirito Santo - Teologia.$0(OLS)http://semarc/subject/1154 830 0$aBiblioteca di teologia contemporanea ;$v81.$0(OLS)http://semarc/title/14 850 $aSeMil 852 $aSeMil$W1$xVenegono$y1$m2BA M 81$j13446$B13446$CSeMilBibl$Z2$F13446 $81 961 $aAcquisto: Casa editrice 996 $6020$a88-399-0381-X$9(OLS)http://semarc/number/19943 996 $6245$aLo Spirito di Dio :$bteologia dello Spirito Santo$9(OLS)http://semarc/title/71186 996 $6260$aBrescia :$bQueriniana$9(OLS)http://semarc/publisher/29615 LEADER 01367nam a2200289 i 4500 001 000000057175 003 CaOOAMICUS 005 20130924000000.0 008 130924s1978 it u000 u ita u 013 $a28347 040 $aSeMil$bita 100 1 $aRicoeur, Paul,$d<1913-2005>.$0(OLS)http://semarc/name/675 240 10$aMetapher : zur Hermeneutik religiöser Sprache.$0(OLS)http://semarc/title/88942 245 10$aDire Dio :$bper un'ermeneutica del linguaggio religioso /$cPaul Ricoeur, Eberhard Jüngel ; Editoriale di Giuseppe Grampa. 260 $aBrescia :$bQueriniana,$ccopyr. 1978. 300 $a180 p. ;$c20 cm. 490 0 $aGiornale di teologia ;$v113 650 4$aLinguaggio religioso.$0(OLS)http://semarc/subject/1245 650 4$aErmeneutica teologica.$0(OLS)http://semarc/subject/5750 700 1 $aGrampa, Giuseppe ,$d<1942- >.$0(OLS)http://semarc/name/1467 700 1 $aJüngel, Eberhard,$d<1934-2021>.$0(OLS)http://semarc/name/3445 830 0$aGiornale di teologia ;$v113.$0(OLS)http://semarc/title/419620 850 $aSeMil 852 $aSeMil$W1$xVenegono$y1$m2XA G 113$j236861$B23329$CSeMilBibl$Z2$F23331 $81 961 $aAcquisto: Casa editrice 996 $6245$aDire Dio :$bper un'ermeneutica del linguaggio religioso$9(OLS)http://semarc/title/88941 996 $6260$aBrescia :$bQueriniana$9(OLS)http://semarc/publisher/29615 LEADER 01569nam a2200301 i 4500 001 000000122142 003 CaOOAMICUS 005 20221125101916.0 008 040123s1999 it u000 u ita u 020 $a88-18-12208-8 040 $aSeMil$bita 100 0 $aSanzio, Raffaello,$d<1483-1520>.$0(OLS)http://semarc/name/5288 245 10$aRaffaello :$bil «Parnaso» : una rilettura ermeneutica dell'affresco con la prima presentazione analitica dei personaggi e dei particolari simbolici /$cGiovanni Reale. 264 1$aMilano :$bRusconi Libri,$c1999. 300 $a121 p., [125] p. di tav. :$briccamente ill. ;$c30 cm. 500 $aIn cofanetto 541 0 $aFondo card. C.M. Martini (5F X 1) 650 4$aSanzio, Raffaello <1483-1520> - Affreschi - Roma - Musei vaticani - Stanze.$0(OLS)http://semarc/subject/17091 650 4$aSanzio, Raffaello <1483-1520> - Affreschi - Roma . Il Parnaso.$0(OLS)http://semarc/subject/23156 700 1 $aReale, Giovanni,$d<1931-2014>.$0(OLS)http://semarc/name/74 850 $aSeMil 852 $aSeMil$W1$xVenegono$y1$m5F X 1$j77160$B77160$CSeMilBibl$Z2$F78929 $8I 941 1 $a4 961 $aOmaggio: Martini Card. Carlo Maria 996 $6020$a88-18-12208-8$9(OLS)http://semarc/number/107835 996 $6245$aRaffaello :$bil «Parnaso» : una rilettura ermeneutica dell'affresco con la prima presentazione analitica dei personaggi e dei particolari simbolici$9(OLS)http://semarc/title/179967 996 $6264$aMilano :$bRusconi Libri$9(OLS)http://semarc/publisher/29846 LEADER 01216nam a2200241 i 4500 001 000000197428 003 CaOOAMICUS 005 20110211000000.0 008 110211s1829 it u000 u ita u 013 $a176115 026 $aui o.on e.de cain (3) 1829 (A) 040 $aSeMil$bita 245 13$aLa giornata d'una giovane damigella ossia raccolta di 165 articoli ... dedicata alla signora contessa Felicita Galleani D'Agliano nata Provana Del Sabbione compilata da G. Benedet .. 260 $aMilano :$bCoi Tipi di Giacomo Pirola,$c1829. 300 $aX, 63, [5] p. ;$c12°. 650 4$aEducazione.$0(OLS)http://semarc/subject/204 700 1 $aPirola, Giacomo,$c.$0(OLS)http://semarc/name/11018 773 0 $t[Miscellanea.$w()24282 850 $aSeMil 852 $aSeMil$W1$xVenegono$y1$m5A I 21/6 FA$j147987$B147987$CSeMilBibl$Z2$F159432 $8I 961 $aOmaggio: Donazione 996 $6245$aLa giornata d'una giovane damigella ossia raccolta di 165 articoli ... dedicata alla signora contessa Felicita Galleani D'Agliano nata Provana Del Sabbione compilata da G. Benedet ..$9(OLS)http://semarc/title/285066 996 $6260$aMilano :$bCoi Tipi di Giacomo Pirola$9(OLS)http://semarc/publisher/50992 LEADER 00810naa a2200181 i 4500 001 000000306717 003 CaOOAMICUS 005 20180831172902.0 008 180831n it u000 u ita u 013 $a15248 040 $aSeMil$bita 100 1 $aDi Nicola, Giulia Paola,$d<1949- >.$0(OLS)http://semarc/name/7252 245 10$aEucaristia e amore sponsale. 650 4$aEucaristia.$0(OLS)http://semarc/subject/3487 650 4$aMatrimonio.$0(OLS)http://semarc/subject/833 650 4$aEucaristia e matrimonio.$0(OLS)http://semarc/subject/20340 773 0 $tFons Lucis.$dRoma : Marianum, 2004.$kScripta Pontificiae Facultatis Theologicae «Marianum»$kScripta Pontificiae Facultatis Theologicae «Marianum». Nova Series$gp.767-795$w()124391 996 $6245$aEucaristia e amore sponsale$9(OLS)http://semarc/title/382123 LEADER 01139nam a2200253 i 4500 001 000000070798 003 CaOOAMICUS 005 20200428153252.0 008 080926s1958 it u000 u ita u 013 $a41970 040 $aSeMil$bita 245 10$a8: La filosofia morale di Antonio Rosmini /$cMichele Federico Sciacca. 250 $a3. ed. rived. 264 1$aMilano :$bMarzorati,$c1958. 300 $a189 p., [1] c. di tav. :$bill. ;$c22 cm. 650 4$aRosmini, Antonio - Etica e morale.$0(OLS)http://semarc/subject/4626 700 1 $aSciacca, Michele Federico <1908-1975>.$0(OLS)http://semarc/name/402 773 0 $aSciacca, Michele Federico <1908-1975>$tOpere complete di Michele F. Sciacca.$dMilano : Marzorati : [poi]... Roma : Città Nuova, 1958-1979.$g8$w()1336 850 $aSeMil 852 $aSeMil$W1$xVenegono$y1$m2P III 148$j36951$B36951$CSeMilBibl$Z2$F36954 $81 961 $aAcquisto: Casa editrice 996 $6245$a8: La filosofia morale di Antonio Rosmini$9(OLS)http://semarc/title/113727 996 $6264$aMilano :$bMarzorati$9(OLS)http://semarc/publisher/29683